| 000 | 01302cas a2200361 i 4500 | ||
|---|---|---|---|
| 999 |
_c200447338 _d65550 |
||
| 001 | 200447338 | ||
| 003 | TR-AnTOB | ||
| 005 | 20240918162016.0 | ||
| 007 | ta | ||
| 008 | 070907s2003 tu a b 000 0 tur | ||
| 020 | _a9754071217 (2002/2003) | ||
| 020 | _a9754071500 (2003/2004) | ||
| 022 | _a1303-9636 | ||
| 035 | _a(TR-AnTOB)200447338 | ||
| 040 |
_aGAZIU _beng _erda _cGAZIU _dTR-AnTOB |
||
| 041 | 0 | _atur | |
| 050 | 4 |
_aHD9490.5.O463 _bZ49 2003 |
|
| 090 |
_aHD9490.5.O463 _bZ49 2003 |
||
| 245 | 1 | 0 |
_aZeytinyağı ve sofralık zeytin : _bdurum ve tahmin = Olive oil and table olive : situation and outlook. |
| 246 | 3 | 1 | _aOlive oil and table olive : situation and outlook |
| 264 | 1 |
_aAnkara : _bTarımsal Ekonomi Araştırma Enstitüsü, _c2004. |
|
| 300 |
_avolumes : _billustrations ; _c30 cm |
||
| 336 |
_atext _btxt _2rdacontent |
||
| 337 |
_aunmediated _bn _2rdamedia |
||
| 338 |
_avolume _bnc _2rdacarrier |
||
| 490 | 0 |
_aTarımsal Ekonomi Araştırma Enstitüsü ; _v96, 118 |
|
| 650 | 0 |
_aZeytinyağı endüstrisi _zTürkiye _9128007 |
|
| 650 | 7 |
_aZeytin _zTürkiye _2etuturkob _9135468 |
|
| 710 | 2 |
_aTürkiye. _bTarım ve Köyişleri Bakanlığı. _bTarımsal Ekonomi Araştırma Enstitüsü _9132994 |
|
| 942 |
_2lcc _cCR |
||